000 00378nam a2200133Ia 4500
008 151001s9999||||xx |||||||||||||| ||und||
100 _aप्र ल गावडे
245 _aआधारवड सहस्त्राचा
250 _a1
260 _bअनमोल प्रकाशन पुणे
260 _c1994
300 _a226
365 _b21
999 _c971735
_d971732